书目信息 |
| 题名: |
“思接千载”和“与时俱进”
|
|
| 作者: | 都培炎 著 | |
| 分册: | ||
| 出版信息: | 上海 华东师范大学出版社 2007 |
|
| 页数: | 13,349页 | |
| 开本: | 21cm | |
| 丛书名: | ||
| 单 册: | ||
| 中图分类: | G120 , G120 | |
| 科图分类: | ||
| 主题词: | 传统文化--研究--中国 , 文化事业--中国 | |
| 电子资源: | ||
| ISBN: | 978-7-5617-5435-1 | |
| 000 | 01059nam0 2200277 450 | |
| 001 | 1155950322 | |
| 005 | 20111005153319.75 | |
| 010 | @a978-7-5617-5435-1@b精装@dCNY32.00 | |
| 100 | @a20080408d2007 em y0chiy50 ea | |
| 101 | 0 | @achi |
| 102 | @aCN@b310000 | |
| 105 | @ay z 000yy | |
| 200 | 1 | @a“思接千载”和“与时俱进”@A“si jie qian zai”he“yu shi ju jin”@e中共对中国传统文化认识的历史考察@f都培炎著 |
| 210 | @a上海@c华东师范大学出版社@d2007 | |
| 215 | @a13,349页@d21cm | |
| 300 | @a华东师范大学新世纪学术著作基金资助出版 | |
| 330 | @a本书涉及中共党史和中国传统文化两个研究领域的多门学科,内容包括:比较与选择、决裂与超越、批判与研究、扬弃与发展、更新与曲折等。 | |
| 517 | 1 | @a中共对中国传统文化认识的历史考察@Azhong gong dui zhong guo chuan tong wen hua ren shi de li shi kao cha |
| 601 | 0 | @a中国共产党@x文化事业@x方针政策@x研究 |
| 606 | 0 | @a传统文化@x研究@y中国 |
| 606 | 0 | @a文化事业@x中国 |
| 690 | @aG120@v4 | |
| 690 | @aG120@v4 | |
| 701 | 0 | @a都培炎@Adou pei yan@4著 |
| 801 | 0 | @aCN@bNLC@c20101222 |
| 905 | @a10447@dG120@eJY86 | |
| “思接千载”和“与时俱进”:中共对中国传统文化认识的历史考察/都培炎著.-上海:华东师范大学出版社,2007 |
| 13,349页;21cm |
| 华东师范大学新世纪学术著作基金资助出版 |
| ISBN 978-7-5617-5435-1(精装):CNY32.00 |
| 本书涉及中共党史和中国传统文化两个研究领域的多门学科,内容包括:比较与选择、决裂与超越、批判与研究、扬弃与发展、更新与曲折等。 |
| ● |
| 相关链接 |
|
|
|
|
正题名:"思接千载"和"与时俱进"
索取号:G120/JY86
 
预约/预借
| 序号 | 登录号 | 条形码 | 馆藏地/架位号 | 状态 | 备注 |
| 1 | 7814551 | 278145516 | 学院路分馆/ [索取号:G120/JY86] | 在馆 | |
| 2 | 7814552 | 278145525 | 学院路分馆/ [索取号:G120/JY86] | 在馆 |